<?xml version="1.0" encoding="UTF-8"?><?xml-stylesheet type="text/xsl" href="static/style.xsl"?><OAI-PMH xmlns="http://www.openarchives.org/OAI/2.0/" xmlns:xsi="http://www.w3.org/2001/XMLSchema-instance" xsi:schemaLocation="http://www.openarchives.org/OAI/2.0/ http://www.openarchives.org/OAI/2.0/OAI-PMH.xsd"><responseDate>2026-06-01T23:51:32Z</responseDate><request verb="GetRecord" identifier="oai:riuma.uma.es:10630/20909" metadataPrefix="marc">https://riuma.uma.es/rest/oai/request</request><GetRecord><record><header><identifier>oai:riuma.uma.es:10630/20909</identifier><datestamp>2026-02-03T10:28:05Z</datestamp><setSpec>com_10630_1685</setSpec><setSpec>col_10630_38056</setSpec></header><metadata><record xmlns="http://www.loc.gov/MARC21/slim" xmlns:dcterms="http://purl.org/dc/terms/" xmlns:doc="http://www.lyncode.com/xoai" xmlns:xsi="http://www.w3.org/2001/XMLSchema-instance" xsi:schemaLocation="http://www.loc.gov/MARC21/slim http://www.loc.gov/standards/marcxml/schema/MARC21slim.xsd">
   <leader>00925njm 22002777a 4500</leader>
   <datafield ind2=" " ind1=" " tag="042">
      <subfield code="a">dc</subfield>
   </datafield>
   <datafield ind2=" " ind1=" " tag="720">
      <subfield code="a">Del Río Pérez, Lorenzo</subfield>
      <subfield code="e">author</subfield>
   </datafield>
   <datafield ind2=" " ind1=" " tag="260">
      <subfield code="c">2021-02-01</subfield>
   </datafield>
   <datafield ind2=" " ind1=" " tag="520">
      <subfield code="a">La propuesta artística que presento llamada “Estudio de una naturaleza interpretable” consta de una serie de obras, compuestas&#xd;
por tres piezas pictóricas y cinco conjuntos escultóricos con un total de sesenta y cuatro esculturas. En ella pretendo profundizar&#xd;
entre la relación humano-naturaleza utilizando un conjunto de medios tanto plásticos como electrónicos y sonoros. Así pues, la&#xd;
mezcla de altavoces, madera, plastilina, circuitos... sirven como guía para retratar dicha “relación”. Por otro lado, la elección de&#xd;
materiales no es lo único que determinara el carácter de la obra, siendo su factura primitiva pero contundente un valor fundamental de ella. Mostrando los entresijos, su propio funcionamiento y la relación entre los elementos electrónicos y los demás materiales, enfatizando el mestizaje de los dos tipos de elementos diferenciados.&#xd;
El conjunto de obras que presento recrea un campo artificial donde el espectador podrá pasear estableciendo una relación&#xd;
entre el entorno y el. Este campo, aunque intenta imitar las reglas de la naturaleza, se termina retratando como un lugar con leyes propias, donde los movimientos, los sonidos y todo el apartado visual esta pasado por el filtro de la creación humana y donde este filtro, a su vez, no es más que una interpretación de la naturaleza, cerrando un ciclo que concluye en esta obra.</subfield>
   </datafield>
   <datafield ind1="8" ind2=" " tag="024">
      <subfield code="a">https://hdl.handle.net/10630/20909</subfield>
   </datafield>
   <datafield tag="653" ind2=" " ind1=" ">
      <subfield code="a">Bellas Artes - Trabajos Fin de Master</subfield>
   </datafield>
   <datafield ind2="0" ind1="0" tag="245">
      <subfield code="a">Estudio para una naturaleza interpretable = (one study for a interpretable nature)</subfield>
   </datafield>
</record>
</metadata></record></GetRecord></OAI-PMH>